000
00296nam a2200109Ia 4500
008
220120s9999||||xx |||||||||||||| ||und||
100
_a
Timmanagoudar P.L and Patil, Sunilkumar K
245
0
_a
engineering chemistry
260
_a
EBPB book promotors
_c
2014
300
_b
0
650
_a
GENERAL BOOKS
999
_c
137246
_d
137246